000 01348cam a2200397 a 4500
001 594
005 20231116090654.0
020 _a9780061704000 (trade bdg.)
020 _a0061704008 (trade bdg.)
020 _a9780061703997 (pbk.)
020 _a0061703990 (pbk.)
040 _aDLC
_cDLC
_dIG#
_dBTCTA
_dBIB
_dUKM
_dGO3
_dEHH
_dDLC
_dFISKH
050 0 0 _aPZ7.G9846
_bMrq 2010
082 0 0 _a[Fic]
_222
100 1 _aGutman, Dan.
245 1 0 _aMr. Tony is full of baloney! /
_cDan Gutman ; pictures by Jim Paillot.
246 3 _aMister Tony is full of baloney!
250 _aFirst Edition
260 _aNew York :
_bHarper,
_c2010.
300 _a100 pages :
_billustrations ;
_c20 cm.
490 1 _aMy weird school daze ;
_v#11
505 _aK
520 _aThe After School Kids' Care director wants to get into The Guiness Book of World Records, and A. J. and the gang jump in to help him.
521 _a620
_bLexile
521 _aK
_bRaz-Plus
650 0 _aSchool-age child care
_vJuvenile fiction.
650 0 _aWorld records
_vJuvenile fiction.
650 1 _aSchools
_vFiction.
650 1 _aWorld records
_vFiction.
650 1 _aHumorous stories.
655 0 _aHumorous stories.
655 0 _aChildren's stories.
700 1 _aPaillot, Jim,
_eill.
906 _a7
_bcbc
_corignew
_d1
_eecip
_f20
_gy-gencatlg
942 _2ddc
_cBK
_n0
999 _c594
_d594